Word Scramble - Music Artists #1 - Statistics

General Stats
  • This quiz has been taken 171 times
  • The average score is 14 of 18
Answer Stats
Answer % Correct
Queen
94%
Taylor Swift
94%
David Bowie
87%
Ed Sheeran
83%
Madonna
82%
Elvis Presley
81%
Shawn Mendes
81%
Green Day
78%
Adele
77%
Michael Jackson
77%
Aretha Franklin
76%
The Beatles
76%
Frank Sinatra
75%
Rihanna
72%
Nirvana
69%
Coldplay
67%
Tears for Fears
59%
Radiohead
54%
No matching quizzes found
Score Distribution
Percent of People with Each Score
Percentile by Number Answered
Your Score History
You have not taken this quiz